Miasta w Polsce z własną do dziś działającą linią tramwajową - Statystyki

Ogólne statystyki
  • Ten quiz został rozwiązany 32 razy
  • Średni wynik to 12 z 15
Statystyki odpowiedzi
Hint Odpowiedź % Poprawnych
11. Poznań
100%
8. Kraków
96%
14. Warszawa
96%
4. Gdańsk
93%
9. Łódź
93%
10. Olsztyn
89%
12. Szczecin
89%
15. Wrocław
89%
1. Bydgoszcz
79%
5. Gorzów Wielkopolski
79%
13. Toruń
75%
2. Częstochowa
71%
3. Elbląg
68%
7. Grudziądz
68%
6. Górnośląsko-Zagłębiowska Metropolia
61%
Nie znaleziono quizów pasujących do podanych kryteriów
Rozkład punktacji
Procent ludzi z każdym wynikiem
Percentyl według liczby udzielonych odpowiedzi
Twoja historia wyników
Nie rozwiązałeś tego quizu